00929nam a22002657a 4500001000800000005001700008008004100025010001700066020003200083024002500115040001800140050002200158100001800180245014400198250001200342260003100354300006800385500008700453500002200540650001200562700002400574700002100598700002400619700002000643187904520230220085952.0230220b |||||||| |||| 00| 0 eng d a 83021809  a047187454X :c$24.95 (est.) q978-0471874546 (hpb) aDLCcKMUdDLC00aQK 47b.B775 1984 aRost,L.Thomas00aBotany :bA brief introduction to plant biology /cThomas L. Rost,Michael G. Barbour,Robert M.Thornston,T.Elliot Weier and C.Ralph Stocking a2nd ed. aNew York :bWiley,cc1984. axi, 342, [57] p., 22 p. of plates :bill. (some col.) ;c29 cm. aColor plates taken from the 6th ed. of: Botany / by T.E. Weier ... [et al.]--P. v. aIncludes indexes. 0aBotany.1 aBarbour G. Michael,1 aStocking C.Ralph1 aThornton M. Robert,1 aWeier T.Elliot,